[Event "Chemnitz op"]
[Site "Chemnitz"]
[Date "1998.??.??"]
[Round "2"]
[White "Kargin, Arseny"]
[Black "Haba, Petr"]
[Result "0-1"]
[WhiteElo "2285"]
[BlackElo "2570"]

1.e4 c5 2.Nf3 e6 3.Nc3 Nc6 4.d4 cxd4 5.Nxd4 Qc7 6.Be3 a6 7.a3 b5 8.Nxc6 dxc6
9.Qd2 Bb7 10.Bd3 Nf6 11.O-O Be7 12.Rfe1 Ng4 13.Bf4 e5 14.Bg3 h5 15.h3 h4
16.Bh2 Nxh2 17.Kxh2 Rd8 18.Qe3 Rd4 19.Kg1 Rh6 20.Be2 Bc5 21.Qg5 Kf8 22.Bg4 Qe7
23.Qc1 Rhd6 24.Nd1 Rd2 25.Ne3 Qf6 26.Bf3 Bc8 27.Re2 Rxe2 28.Bxe2 Qf4 29.Bd3 Rg6
30.Ng4 Qg3 31.Kf1 Rf6 32.Nxf6 Qxf2+  0-1

[Event "CZE-ch U18"]
[Site "CZE"]
[Date "1998.??.??"]
[Round "?"]
[White "Stross, Frantisek"]
[Black "Bernard, Borek"]
[Result "1/2-1/2"]
[WhiteElo "2095"]
[BlackElo "1925"]

1.e4 c5 2.Nf3 Nc6 3.d4 cxd4 4.Nxd4 e6 5.Nc3 a6 6.Be3 Qc7 7.Bd3 Nge7 8.O-O Nxd4
9.Bxd4 Nc6 10.Be3 b5 11.Kh1 Be7 12.Qg4 g6 13.f4 Bb7 14.f5 Bd6 15.Qh4 Be7
16.f6 Bd6 17.Rad1 Be5 18.Bf4 Bxf4 19.Rxf4 Qe5 20.Rff1 h5 21.Qf2 Rb8 22.Rfe1 O-O
23.Ne2 Kh7 24.c3 b4 25.Bb1 Rfd8 26.Rd2 bxc3 27.Nxc3 Qg5 28.Red1 Ne5 29.h3 Bc6
30.b3 Rbc8 31.Bd3 Nxd3 32.Rxd3 Qe5 33.Qd4 Qg5 34.R1d2 e5 35.Qf2 Re8 36.Nd5 Re6
37.Rf3 Bb5 38.a4 Rc1+ 39.Kh2 Rf1 40.Qe3 Qxe3 41.Rxe3 Bc6 42.Nc7 Rexf6 43.Nxa6 Bxa4  1/2-1/2

[Event "CZE-ch U18"]
[Site "CZE"]
[Date "1998.??.??"]
[Round "?"]
[White "Soukup, Jiri"]
[Black "Stastny, Jan"]
[Result "1/2-1/2"]
[WhiteElo "2030"]
[BlackElo "2095"]

1.e4 c5 2.Nf3 e6 3.d4 cxd4 4.Nxd4 Nc6 5.Nc3 a6 6.a3 Nge7 7.Be3 Nxd4 8.Bxd4 Nc6
9.Be3 b5 10.g3 Be7 11.f4 Bb7 12.Bg2 d6 13.O-O O-O 14.Ne2 Na5 15.b3 Qc7 16.Qd3 Rfd8
17.Bd4 Nc6 18.Bb2 Bf8 19.Kh1 Ne7 20.Rac1 d5 21.e5 Nf5 22.g4 Ne7  1/2-1/2

[Event "CZE-ch U18"]
[Site "CZE"]
[Date "1998.??.??"]
[Round "?"]
[White "Bujak, Michal"]
[Black "Fikr, L."]
[Result "1-0"]
[WhiteElo "1780"]
[BlackElo "1790"]

1.e4 c5 2.Nf3 Nc6 3.d4 cxd4 4.Nxd4 e6 5.Nc3 Qc7 6.Be3 a6 7.Be2 Nf6 8.O-O Bb4
9.Bf3 Bxc3 10.bxc3 Ne5 11.Qd2 Nxf3+ 12.gxf3 d5 13.e5 Qxe5 14.Bf4 Qh5 15.Kh1 O-O
16.Rg1 g6 17.Rae1 Nd7 18.Rg5 Qh3 19.Rg3 Qh5 20.Bg5 Re8 21.Kg2 f6 22.Rxe6 Rf8
23.Ne2 fxg5 24.Qxd5 Rf7 25.Re7 Ne5 26.Re8+ Kg7 27.Qxe5+ Kh6 28.Rxc8 Rxc8
29.Rh3 Qxh3+ 30.Kxh3 Rxf3+ 31.Kg4 Rf5 32.Qe3 Rc4+ 33.Kg3 Kh5 34.Nd4 Rcc5
35.Nxf5 Rxf5 36.Qe2+ Kh6 37.f3 Ra5 38.Qe3 Kh5 39.Qe7 h6 40.h4 Rxa2 41.hxg5  1-0

[Event "CZE-ch U18"]
[Site "CZE"]
[Date "1998.??.??"]
[Round "?"]
[White "Pribyl, Josef"]
[Black "Fikr, L."]
[Result "1/2-1/2"]
[WhiteElo "1650"]
[BlackElo "1790"]

1.e4 c5 2.Nf3 Nc6 3.d4 cxd4 4.Nxd4 e6 5.Nc3 Qc7 6.Be2 a6 7.O-O Nf6 8.a3 b5
9.Nxc6 dxc6 10.f4 Bc5+ 11.Kh1 O-O 12.Bd3 Rd8 13.Qf3 Bf8 14.Qh3 g6 15.Qh4 Nh5
16.e5 c5 17.Ne4 Bb7 18.Ng5 Be7 19.Qe1 c4 20.Be2 Ng7 21.Bg4 Nf5 22.Bxf5 gxf5
23.Qh4 Bxg5 24.Qxg5+ Kh8 25.Qf6+ Kg8 26.Be3 Rd7 27.Rad1 Rad8 28.Rxd7 Rxd7
29.h4 Qd8 30.Qh6 Qf8 31.Qxf8+ Kxf8 32.Bc5+ Kg7 33.Bd6 f6 34.Rd1 Bd5 35.Kh2 fxe5
36.Bxe5+ Kg6 37.Rd2 a5 38.Bc3 a4  1/2-1/2

[Event "CZE-chT2 9899"]
[Site "CZE"]
[Date "1998.??.??"]
[Round "?"]
[White "Hitzgerova, Gabriela"]
[Black "Cerny, Martin"]
[Result "1/2-1/2"]
[WhiteElo "2170"]
[BlackElo "2220"]

1.e4 c5 2.Nf3 e6 3.d4 cxd4 4.Nxd4 Nc6 5.Nc3 Qc7 6.Be2 a6 7.O-O b5 8.a3 Bb7
9.Kh1 Nf6 10.f4 Nxd4 11.Qxd4 Bc5 12.Qd3 h5 13.Bf3 Ng4 14.Qe2 Qb6 15.Nd1 Kf8
16.b4 Be7 17.Ne3 Rc8 18.Nxg4 hxg4 19.Bxg4 Qd4 20.Be3 Qxe4 21.Bf3 Qh7 22.Bg1 Rxc2
23.Qe5 d6 24.Qd4 Bxf3 25.Rxf3 Qg6 26.Rf2 Rxf2 27.Qxf2 Kg8 28.Qa7 Bf6 29.Rf1 Rh5
30.Qb8+ Kh7 31.Qxd6 Qe4 32.Qxa6 Bd4 33.Bxd4 Qxd4 34.Qc6 Rd5 35.Qc1 g6 36.h3 Qd3
37.Kh2 Qf5 38.Rf3 Rd4 39.Qc7 Re4 40.Qc1 Re2 41.Qd1 Ra2 42.Qd3 Qxd3 43.Rxd3 Kg7
44.Kg3 f5 45.Kf3 Kf6 46.g3 Rc2 47.Ke3 Ke7 48.Kd4 Rc4+  1/2-1/2

[Event "CZE-chT2 9899"]
[Site "CZE"]
[Date "1998.??.??"]
[Round "?"]
[White "Vyhnalek, Bohuslav"]
[Black "Bretsnajdr, Vladimir"]
[Result "1/2-1/2"]
[WhiteElo "2220"]
[BlackElo "2285"]

1.e4 c5 2.Nf3 e6 3.Nc3 Nc6 4.d4 cxd4 5.Nxd4 Qc7 6.Be3 a6 7.Bd3 Nf6 8.O-O Be7
9.Qe2 O-O 10.f4 d6 11.Kh1 Bd7 12.Rae1 Rfe8 13.Nf3 Nb4 14.e5 Nfd5 15.Bxh7+ Kxh7
16.Ng5+ Bxg5 17.fxg5 Kg8 18.Qh5 Bb5 19.exd6 g6 20.Qh6 Qc4 21.Rf3 Nxe3 22.Rh3 Qd4
23.Ne4 Qg7 24.Nf6+ Kf8 25.Rexe3 Qxh6 26.Rxh6 Rad8 27.Rh8+ Kg7 28.Rh7+ Kf8
29.Rh8+  1/2-1/2

[Event "CZE-chT2 9899"]
[Site "CZE"]
[Date "1998.??.??"]
[Round "?"]
[White "Suran, Jan"]
[Black "Chloupek, Stanislav"]
[Result "1/2-1/2"]
[WhiteElo "2280"]
[BlackElo "2355"]

1.e4 c5 2.Nf3 e6 3.d4 cxd4 4.Nxd4 Nc6 5.Nc3 Qc7 6.Be3 a6 7.Be2 Nf6 8.O-O Bb4
9.Na4 Be7 10.Nxc6 bxc6 11.Bd3 c5 12.c4 d6 13.Qe2 Nd7 14.Rab1 Ne5 15.Bc2 Nc6
16.a3 Rb8 17.Qd2 a5 18.Nc3 Ba6 19.Bd3 Bf6 20.Nb5 Bxb5 21.cxb5 Nd4 22.Bxd4 Bxd4
23.b4 axb4 24.axb4 O-O 25.Rfc1 Qb6 26.Rc2 Ra8 27.bxc5 dxc5 28.Ra2 Rfb8 29.g3 Rxa2
30.Qxa2 Rb7 31.Qa8+ Rb8 32.Qa2 Rb7 33.Qa6 Qxa6 34.bxa6 Rxb1+ 35.Bxb1 c4 36.Kf1 e5
37.Ke2 Kf8 38.f4 f6 39.Ba2 c3  1/2-1/2

[Event "CZE-chT 9899"]
[Site "CZE"]
[Date "1998.??.??"]
[Round "3"]
[White "Sikora, Jan"]
[Black "Chloupek, Stanislav"]
[Result "0-1"]
[WhiteElo "2220"]
[BlackElo "2360"]

1.e4 c5 2.Nc3 Nc6 3.Nf3 e6 4.d4 cxd4 5.Nxd4 Qc7 6.Be3 a6 7.Bd3 Nf6 8.O-O Ne5
9.h3 Bc5 10.Kh1 d6 11.f4 Ng6 12.Qf3 O-O 13.Rae1 b5 14.f5 Ne5 15.Qg3 Qa7 16.Bg5 Nh5
17.Qh4 Bxd4 18.Qxh5 Bxc3 19.bxc3 f6 20.Bd2 Bd7 21.Rf4 Be8 22.Qh4 Bf7 23.Ra1 Rfc8
24.Qg3 Qe7 25.a4 Be8 26.axb5 axb5 27.Rff1 Bc6 28.Rxa8 Rxa8 29.Rb1 exf5 30.exf5 Qd7
31.Qf4 Ra4 32.Qf2 Qb7 33.Rb4 Ra1+ 34.Kh2 Bxg2 35.Qxg2 Nf3+ 36.Kg3 Rg1 37.Be4 Rxg2+
38.Kxg2 Nh4+ 39.Kg3 d5 40.Bd3 g5 41.fxg6 Nxg6 42.Bxb5 Qc7+ 43.Kg2 Ne5 44.Rd4 Qc5
45.Be2 Kg7 46.Kf1 Qc8 47.Kg2 Qf5 48.Bd1 Kf7 49.Rf4 Qg5+ 50.Kh2 Nc4 51.Bc1 Qe5
52.Kg2 Qxc3 53.Rf3 Qa1 54.Rf1 Qd4 55.Bf3 Kg6 56.Kg3 Qc3 57.Rf2 Ne5 58.Bd2 Qxc2
59.Bf4 Qd3 60.Kg2 Nxf3 61.Rxf3 Qe2+ 62.Rf2 Qe4+ 63.Kg3 d4 64.Bd2 h5 65.Bf4 d3
66.Kh2 Kf7 67.Kg3 Qh1 68.Rd2 Qf1  0-1

[Event "Moravia-chT 9798"]
[Site "CZE"]
[Date "1998.??.??"]
[Round "5.2"]
[White "Vyskocil, Neklan"]
[Black "Mudrak, Josef"]
[Result "1/2-1/2"]
[WhiteElo "2330"]
[BlackElo "2285"]

1.e4 c5 2.Nf3 e6 3.d4 cxd4 4.Nxd4 Nc6 5.Nc3 Nf6 6.g3 a6 7.Bg2 Bb4 8.O-O Qc7
9.Nce2 O-O 10.Nf4 e5 11.Nxc6 dxc6 12.Nd3 Be7 13.f4 Bg4 14.Qe1 Nd7 15.f5 f6
16.h3 Bh5 17.g4 Bf7 18.h4 Rfd8 19.g5 Nc5 20.Nxc5 Bxc5+ 21.Kh2 Kh8 22.Qe2 b5
23.b3 Rd6 24.h5 Bd4 25.Rb1 fxg5 26.Bxg5 h6 27.Bh4 Bc3 28.Rbd1 Bb4 29.f6 g5
30.hxg6 Bxg6 31.Bh3 Qf7 32.Qe3 Kh7 33.c3 Rad8 34.Rxd6 Bxd6 35.Rg1 Rg8 36.Rd1 Rd8
37.Rg1 Rg8 38.Bg4 Bc7 39.Qh3 Bxe4 40.Re1 Bd5 41.Bf5+ Kh8 42.Be4 Be6 43.Qf3 Rg4
44.Bg3 Rg5 45.Kg2 h5 46.Rh1 Kg8 47.Kh2 Rg4 48.Rg1 Kf8 49.Bf2 Bd6 50.Rd1 Qc7
51.Qe3 Rf4 52.Bg3 Bg4 53.Rd2 Rxf6 54.Qg5 Kf7 55.Bh4 Be7 56.Qe3 Rf4 57.Bg3 Bg5
58.Rf2 Rxf2+ 59.Qxf2+ Bf4 60.Qc5 Qd8 61.Bxf4 exf4 62.Qxc6 Qh4+ 63.Kg1 Qf6
64.Qc7+ Kf8 65.Qb8+ Kg7 66.Qa7+ Kh6 67.Qh7+ Kg5 68.Qc7 Kh4 69.Qc5 f3 70.Qe3 Qd6
71.Qf2+ Kg5 72.Bxf3  1/2-1/2

[Event "CZE-chT2 9798"]
[Site "CZE"]
[Date "1998.??.??"]
[Round "9.5"]
[White "Maskova, Jana"]
[Black "Efler, Lukas"]
[Result "0-1"]
[WhiteElo "2230"]
[BlackElo "2300"]

1.e4 c5 2.Nc3 Nc6 3.Nge2 e6 4.d4 cxd4 5.Nxd4 a6 6.Be3 Nf6 7.Qd2 Bb4 8.a3 Nxe4
9.Nxc6 bxc6 10.Qd4 Bxc3+ 11.bxc3 Qf6 12.Bd3 Nxc3 13.Qc4 Nd5 14.Bd4 e5 15.Bb2 Nf4
16.O-O O-O 17.Qe4 Nxd3 18.cxd3 Re8 19.f4 d5 20.Qa4 Qg6 21.fxe5 Bf5 22.Rf3 c5
23.d4 c4 24.Bc3 h5 25.Raf1 Bd3 26.Re1 Be4 27.Rf2 Reb8 28.Qd7 a5 29.Qc7 Rb3
30.Bxa5 Rxa3 31.Bb4 Ra1 32.Qd6 Rxe1+ 33.Bxe1 Ra1 34.Re2  0-1

[Event "Debrecen op"]
[Site "Debrecen"]
[Date "1998.??.??"]
[Round "10"]
[White "Kovacs, Lajos"]
[Black "Borsavolgyi, Tamas"]
[Result "0-1"]
[WhiteElo "2215"]
[BlackElo "2300"]

1.e4 c5 2.Nf3 e6 3.d4 cxd4 4.Nxd4 Nc6 5.Nc3 Nf6 6.Nxc6 bxc6 7.e5 Nd5 8.Nxd5 cxd5
9.Be3 Rb8 10.Bd4 Qc7 11.Be2 d6 12.f4 dxe5 13.fxe5 Bc5 14.b3 Rb4 15.c3 Bxd4
16.cxb4 Qc3+  0-1

[Event "Decin op-A"]
[Site "Decin"]
[Date "1998.??.??"]
[Round "4"]
[White "Stets, Dmitry"]
[Black "Lymar, Vladimir"]
[Result "1/2-1/2"]
[WhiteElo "2430"]
[BlackElo "2295"]

1.e4 c5 2.Nf3 e6 3.d4 cxd4 4.Nxd4 Nc6 5.Nc3 Qc7 6.Be3 a6 7.Bd3 b5 8.O-O Bb7
9.Qe2 Nf6 10.f4 Bc5 11.Nxc6 Bxe3+ 12.Qxe3 Qxc6 13.Qg3 O-O 14.e5 Ne8 15.f5 f6
16.Qh3 exf5 17.Bxf5 g6 18.Bxd7 Qc5+ 19.Kh1 f5 20.Rad1 Kh8 21.Rfe1 f4 22.Bg4 Ng7
23.Bf3 Ra7 24.Ne4 Bxe4 25.Bxe4 Nh5 26.Qf3 Re7 27.Rd5 Qb4 28.Qc3 Qxc3 29.bxc3 Rfe8
30.Bf3 Nf6 31.Rd6 Rxe5 32.Rxe5 Rxe5 33.Kg1 Ne4 34.Rxa6 Nxc3 35.a3 Kg7 36.Kf2 g5
37.Rc6 Nb1 38.Ra6 Nd2 39.a4 bxa4 40.Rxa4 Nxf3 41.Kxf3 Kg6 42.Ra6+ Kf5 43.g4+ fxg3
44.hxg3 Rc5 45.g4+ Ke5 46.Ra3 Rxc2  1/2-1/2

[Event "Decin op-A"]
[Site "Decin"]
[Date "1998.??.??"]
[Round "4"]
[White "Pokrupa, Marek"]
[Black "Erdineeva"]
[Result "1/2-1/2"]
[WhiteElo "2080"]
[BlackElo "2255"]

1.e4 c5 2.Nf3 e6 3.Nc3 Nc6 4.d4 cxd4 5.Nxd4 Nf6 6.Be2 Bb4 7.O-O Bxc3 8.bxc3 Nxe4
9.Bd3 Nxc3 10.Qg4 Qf6 11.Nxc6 bxc6 12.Bg5 Qe5 13.Rfe1 Qc5 14.Qg3 Nd5 15.c4 Nb4
16.Be3 Qf8 17.Be4 f5 18.Bb1 Qf6 19.Qd6 Na6 20.Bd4 Qe7 21.Qxe7+ Kxe7 22.Bxf5 Kf7
23.Be4 d5 24.cxd5 exd5 25.Bf3 Be6 26.Rab1 Rhb8 27.Rbc1 Rc8 28.Re5 c5 29.Rce1  1/2-1/2

[Event "Decin op-A"]
[Site "Decin"]
[Date "1998.??.??"]
[Round "9"]
[White "Hrbolka, Ladislav Jr"]
[Black "Lymar, Irina"]
[Result "1/2-1/2"]
[WhiteElo "2075"]
[BlackElo "2225"]

1.e4 c5 2.Nf3 e6 3.d4 cxd4 4.Nxd4 Nc6 5.Nc3 Qc7 6.g3 a6 7.Bg2 Nf6 8.O-O Bc5
9.Be3 Ne5 10.Na4 Ba7 11.h3 Nc4 12.Bc1 Qa5 13.c3 Qc7 14.b3 Na5 15.c4 O-O 16.Be3 d6
17.Rc1 Bd7 18.Nc3 Bc5 19.Nc2 Rac8 20.Qe2 Bxe3 21.Nxe3 Qc5 22.Rfd1 Rfd8 23.Rc2 Be8
24.Kh2 Qb4 25.f4 b5 26.Nb1 bxc4 27.Nxc4 Bb5 28.Qd2 Qxd2 29.Nbxd2 d5 30.exd5 Nxd5
31.a4 Nb4 32.Rcc1 Nxb3 33.Nxb3 Rxd1 34.Rxd1 Bxc4 35.Na5 Bd5 36.Bxd5 Nxd5
37.Rd2 Kf8 38.Kg2 Rc3 39.Nb7 Ke7 40.Kf2 Rc4 41.a5 Rc7 42.Rb2 Nc3 43.Rb6 Nd5
44.Rb3 Kd7 45.Ke2 Kc6 46.Nd8+ Kc5 47.Rb7 Rxb7 48.Nxb7+ Kb4 49.Kd3 h5 50.Ke4 Nc3+
51.Kd3 Na4 52.Kc2 Nc5 53.Nd6 Kxa5 54.Nxf7 Kb4 55.g4 h4 56.Ng5 a5 57.f5 exf5
58.gxf5 a4 59.Ne6 a3 60.Nxg7 Nd3 61.f6 a2 62.f7 a1=Q 63.f8=Q+ Nc5 64.Qf4+  1/2-1/2

[Event "DEN-ch cand"]
[Site "Denmark"]
[Date "1998.??.??"]
[Round "2"]
[White "Hoiberg, Nina"]
[Black "Husted, Peter"]
[Result "1-0"]
[WhiteElo "2290"]
[BlackElo "2160"]

1.e4 c5 2.Nf3 Nc6 3.d4 cxd4 4.Nxd4 e6 5.Nc3 Qc7 6.Be2 a6 7.a4 Nf6 8.O-O Bb4
9.Nxc6 dxc6 10.Qd4 Bd6 11.g3 e5 12.Qd3 Bh3 13.Rd1 O-O-O 14.Qe3 Qe7 15.Bd2 Bc5
16.Qf3 h6 17.Be1 Bd4 18.Rab1 Kb8 19.Qh1 Rd7 20.Bd3 Ng4 21.Rd2 Bxc3 22.bxc3 Rhd8
23.Qf3 Ka7 24.Qe2 c5 25.c4 Nf6 26.Rdd1 Rd6 27.f3 Be6 28.Ba5 Rc8 29.Bc3 Nd7
30.a5 f6 31.f4 g5 32.f5 Bf7 33.Rb3 Nb8 34.Rdb1 Rc7 35.Qe3 Rd8 36.Bb4 Ka8
37.Ba3 Rd4 38.Bb2 Bxc4 39.Bxc4 Rxc4 40.Bc3 Nc6 41.Qe2 Ra4 42.Rb6 Ra3 43.Qc4 Ka7
44.Be1 Nd4 45.Qg8 Nc6 46.Qc4 Nxa5 47.Bxa5 Rxa5 48.Qc3 Ra4 49.Re6 Qd8 50.Kg2  1-0

[Event "Dieren op"]
[Site "Dieren"]
[Date "1998.??.??"]
[Round "6"]
[White "Van Delft, Merijn"]
[Black "Reinderman, Dimitri"]
[Result "0-1"]
[WhiteElo "2240"]
[BlackElo "2480"]

1.e4 c5 2.Nf3 Nc6 3.d4 cxd4 4.Nxd4 e6 5.Nc3 a6 6.Nxc6 bxc6 7.Bd3 d5 8.O-O Nf6
9.Re1 Bb7 10.Bg5 h6 11.Bh4 Be7 12.e5 Nd7 13.Bxe7 Qxe7 14.Qg4 O-O 15.Na4 c5
16.c4 d4 17.f4 Bc6 18.b3 Bxa4 19.bxa4 Rab8 20.Qf3 Rb2 21.Rab1 Rfb8 22.h3 Nf8
23.Kh2 Qd7 24.a5 Qc7 25.Rxb2 Rxb2 26.Re2 Rxe2 27.Qxe2 Qxa5 28.g4 Qc3 29.h4 Qc1
30.Kg3 g5 31.hxg5 hxg5 32.fxg5 Qxg5 33.Qe4 Nd7  0-1

[Event "Dieren op"]
[Site "Dieren"]
[Date "1998.??.??"]
[Round "8"]
[White "Ernst, Sipke"]
[Black "Reinderman, Dimitri"]
[Result "0-1"]
[WhiteElo "2300"]
[BlackElo "2480"]

1.e4 c5 2.Nf3 Nc6 3.Nc3 e6 4.d4 cxd4 5.Nxd4 a6 6.Be3 Nge7 7.Be2 Nxd4 8.Qxd4 b5
9.O-O Nc6 10.Qd2 Be7 11.f4 d6 12.Bf3 Bb7 13.Qf2 O-O 14.Bb6 Qc8 15.Rad1 Nb8
16.Bd4 Nd7 17.Qg3 e5 18.fxe5 dxe5 19.Bxe5 Nxe5 20.Qxe5 Bf6 21.Qf4 Bxc3 22.bxc3 Qxc3
23.Rd7 Bc8 24.Rc7 Qd4+ 25.Kh1 Be6 26.a3 Bc4 27.Rd1 Qc3 28.Qc1 Rad8 29.Rxd8 Rxd8
30.h3 h6 31.Ra7 a5 32.Qf4 a4 33.Bh5 Rf8 34.Qd6 Qe1+ 35.Kh2 Qxe4 36.c3 Qe3
37.Rc7 Qxc3 38.Qc5 Qf6 39.Bf3 Qf4+ 40.Kh1 Re8 41.Re7 Rxe7 42.Qxe7 Qc1+ 43.Kh2 Qc3
44.h4 g6 45.h5 g5 46.Bc6 b4 47.Be8 Be6 48.axb4 a3 49.Bxf7+ Bxf7 50.Qd8+ Kg7
51.Qd1  0-1

[Event "Centrocoop June op-B"]
[Site "Eforie Nord"]
[Date "1998.??.??"]
[Round "?"]
[White "Oncel, Ilie"]
[Black "Mihet, Vasile"]
[Result "0-1"]
[WhiteElo "2140"]
[BlackElo "1760"]

1.e4 c5 2.Nf3 Nc6 3.d4 cxd4 4.Nxd4 e6 5.Nc3 a6 6.Be3 Qc7 7.Qd2 Nf6 8.f3 b5
9.O-O-O Bb4 10.a3 Be7 11.g4 d6 12.Nxc6 Qxc6 13.h4 Bb7 14.h5 h6 15.g5 hxg5
16.Bxg5 O-O-O 17.Be2 Qc7 18.h6 gxh6 19.Rxh6 Rxh6 20.Bxh6 d5 21.exd5 Nxd5
22.Nxd5 Bxd5 23.Qe1 Kb7 24.Kb1 Rc8 25.Qd2 Qc6 26.Rf1 a5 27.Be3 b4 28.axb4 axb4
29.Qd3 Ra8 30.Qb5+ Qxb5 31.Bxb5 Bf6 32.Bd3 Ra2 33.Bc1 Kc7 34.Be4 Bc4 35.Bd3 Bxd3
36.cxd3 b3 37.Re1 Bd4 38.Rh1 Kd6 39.Rh7 Ra7 40.Bd2 Rc7 41.Bb4+ Kd5 42.Rh5+ f5
43.Rh2 Rg7 44.Rh1 Rg2 45.Bc3 Rf2 46.Kc1 Rxf3 47.Rh7 Rxd3  0-1

[Event "AUT-ch U12"]
[Site "Feldkirchen"]
[Date "1998.??.??"]
[Round "5"]
[White "Kast, Christoph"]
[Black "Kainz, Markus"]
[Result "0-1"]
[WhiteElo "1291"]
[BlackElo "1621"]

1.e4 c5 2.Nc3 Nc6 3.Nf3 e6 4.d4 cxd4 5.Nxd4 d6 6.Bb5 Bd7 7.Nxc6 Bxc6 8.Bxc6+ bxc6
9.O-O Be7 10.Be3 Nf6 11.Qd2 O-O 12.Bg5 h6 13.Bh4 Qc7 14.Bxf6 Bxf6 15.Rad1 Rfd8
16.Rfe1 Rab8 17.b3 Qa5 18.Na4 Qxd2 19.Rxd2 d5 20.exd5 cxd5 21.c3 Rdc8 22.Rc2 d4
23.c4 Rd8 24.Rd2 Be7 25.Rd3 Rd7 26.Red1 Rbd8 27.g3 e5 28.Re1 f6 29.Kg2 Kf7
30.Kf3 Ke6 31.g4 g6 32.h3 f5 33.Kg2 e4 34.Rdd1 Ke5 35.f3 Bb4 36.Re2 d3 37.Re3 Kf4
38.Kf2 d2 39.Ke2 Rd3 40.Rxd3 Rxd3 41.fxe4 fxe4 42.Rf1+ Rf3 43.Nb2 Rxf1 44.Kxf1 Kg3
45.Ke2 Kxh3 46.Na4 Kxg4 47.c5 h5 48.c6 Bd6 49.Nc3 Kf5 50.Nb5 Be5 51.c7 Bxc7
52.Nxc7 h4 53.Nd5 h3 54.Ne3+ Kf4 55.Nf1 e3 56.a4 d1=Q+ 57.Kxd1 Kf3 58.Nh2+ Kg2
59.b4 Kxh2 60.b5 Kg2 61.b6 axb6 62.a5 bxa5 63.Ke2 h2 64.Kd3 h1=Q 65.Kxe3 Qh4
66.Kd3 Qf4 67.Kc3 Qe4 68.Kd2 Qf3 69.Kc2 Qe3 70.Kb2 a4 71.Ka2 a3 72.Ka1 Qc3+
73.Ka2 Qb2+  0-1

[Event "FIN-chT9899"]
[Site "FIN"]
[Date "1998.??.??"]
[Round "3"]
[White "Nieminen, Kari"]
[Black "Nokso Koivisto, Antti"]
[Result "1/2-1/2"]
[WhiteElo "2220"]
[BlackElo "2215"]

1.e4 c5 2.Nf3 Nc6 3.Nc3 e6 4.d4 cxd4 5.Nxd4 a6 6.g3 Qc7 7.Bg2 Nf6 8.O-O Nxd4
9.Qxd4 Bc5 10.Bf4 d6 11.Qd2 O-O 12.Rad1 Ne8 13.Na4 e5 14.Be3 Bxe3 15.Qxe3 Be6
16.Nb6 Rd8 17.Rd2 Nf6 18.h3 Nd7 19.Nxd7 Rxd7 20.Rfd1 Rfd8 21.a3 h6 22.Kh2 Qc5
23.Qxc5 dxc5 24.Rxd7 Rxd7 25.Rxd7 Bxd7 26.f4  1/2-1/2

[Event "FIN-chT9899"]
[Site "FIN"]
[Date "1998.??.??"]
[Round "4"]
[White "Sepp, Olav"]
[Black "Kiik, Kalle"]
[Result "1/2-1/2"]
[WhiteElo "2400"]
[BlackElo "2445"]

1.e4 c5 2.Nf3 Nc6 3.Nc3 e6 4.d4 cxd4 5.Nxd4 d6 6.Be3 Nf6 7.Be2 Be7 8.O-O Bd7
9.Ndb5 Qb8 10.a4 a6 11.Na3 Qc7 12.Nc4 Ne5 13.Nb6 Rb8 14.f4 Ng6 15.Nxd7  1/2-1/2

[Event "Pyramiden Franken Cup"]
[Site "Fuerth"]
[Date "1998.??.??"]
[Round "5"]
[White "Vatter, Hans Joachim"]
[Black "Kogan, Artur"]
[Result "0-1"]
[WhiteElo "2385"]
[BlackElo "2485"]

1.e4 c5 2.Nf3 e6 3.d4 cxd4 4.Nxd4 Nc6 5.Nc3 Qc7 6.Be3 a6 7.Bd3 Ne5 8.O-O Nf6
9.h3 Bc5 10.f4 Nc6 11.Nf5 Qb6 12.Nxg7+ Kf8 13.Bxc5+ Qxc5+ 14.Kh1 Kxg7 15.e5 Ne8
16.Ne4 Qd4 17.Qg4+ Kf8 18.Qh5 Rg8 19.Qh6+ Rg7 20.Nf6 Nxe5 21.Nxe8 Nxd3 22.Nxg7 Qxg7
23.Qxg7+ Kxg7 24.cxd3 b5 25.Rac1 Bb7 26.Kg1 Kf6 27.Kf2 Bd5 28.a3 b4 29.g3 Rb8
30.Rb1 h5 31.Rg1 a5 32.Ke3 Ke7 33.Rgc1 a4 34.h4 Kf6 35.Kd4 d6 36.Ke3 Kf5
37.Kf2 Kg4 38.Rg1 Rb5 39.Rgc1 Bb3 40.Rc8 Bd5 41.Rcc1 Rb7 42.Rg1 Rb8 43.Rgc1 f6
44.Rg1 Ba2 45.Ra1 bxa3 46.bxa3 Rb2+ 47.Ke3 Bd5 48.Rab1 Ra2 49.Ra1 Rh2 50.Rac1 f5
51.Rb1 Kh3 52.Rb4 Bb3 53.Rd4 Ra2 54.Kf3 Kh2 55.Re1 Bd5+ 56.Ke3 Rxa3 57.Kf2 Ra2+
58.Re2 Ra1 59.Re1 Rxe1 60.Kxe1 Kxg3 61.Rxa4 Kxh4 62.Kf2 Kg4 63.Ra6 h4 64.Rxd6 h3
65.Kg1 Kg3  0-1

[Event "Pyramiden Franken Cup"]
[Site "Fuerth"]
[Date "1998.??.??"]
[Round "7"]
[White "Unzicker, Wolfgang"]
[Black "Gustafsson, Jan"]
[Result "1/2-1/2"]
[WhiteElo "2435"]
[BlackElo "2410"]

1.e4 c5 2.Nf3 e6 3.d4 cxd4 4.Nxd4 Nc6 5.Nc3 Qc7 6.f4 a6 7.Be2 b5 8.Nxc6 Qxc6
9.Bf3 Bb7 10.Be3 Qc4 11.e5 Bxf3 12.Qxf3 Rc8 13.O-O-O b4 14.Qb7 Rc7 15.Qb8+ Rc8
16.Qb7 Rc7  1/2-1/2

[Event "BCF-chT2 97/98"]
[Site "GBR"]
[Date "1998.??.??"]
[Round "7"]
[White "Black, Richard"]
[Black "White, Mark"]
[Result "1-0"]
[WhiteElo "2225"]
[BlackElo "2225"]

1.e4 c5 2.Nc3 e6 3.Nf3 Nc6 4.d4 cxd4 5.Nxd4 Nf6 6.Nxc6 bxc6 7.Bd3 e5 8.O-O Bb4
9.Bd2 O-O 10.Kh1 d5 11.f4 d4 12.Nd5 Bxd2 13.Nxf6+ Qxf6 14.Qxd2 Bd7 15.f5 c5
16.b3 a5 17.a4 Rfb8 18.g4 h6 19.Rg1 Qg5 20.Qf2 Bc6 21.h4 Qf4 22.Qxf4 exf4
23.Rgf1 Re8 24.Rxf4 Re5 25.Kg2 Rae8 26.Kf3 Kf8 27.g5 hxg5 28.hxg5 Ke7 29.Rh1 f6
30.g6 Kd6 31.Rh7 R5e7 32.Rfh4 Ke5 33.Bc4 Kd6 34.Be6 Rf8 35.Kf4 Be8 36.Bd5 Rc7
37.Rh8 Rxh8 38.Rxh8 Re7 39.Rf8 Kd7 40.Bc4 Kd6 41.Bb5 Bd7 42.Rd8 Kc7 43.Rxd7+ Rxd7
44.Bxd7 Kxd7 45.e5 fxe5+ 46.Kxe5 Ke7 47.f6+  1-0

[Event "Oberliga Sued W9798"]
[Site "GER"]
[Date "1998.??.??"]
[Round "?"]
[White "Paschke, Mario"]
[Black "Esswein, Karlheinz"]
[Result "1-0"]
[WhiteElo "2190"]
[BlackElo "2160"]

1.e4 c5 2.Nf3 e6 3.d4 cxd4 4.Nxd4 Nc6 5.Nc3 a6 6.g3 Nf6 7.Bg2 Qc7 8.O-O Nxd4
9.Qxd4 Bc5 10.Bf4 d6 11.Qd2 O-O 12.Rad1 Rd8 13.e5 Ne8 14.exd6 Qd7 15.Ne4 Ba7
16.Ng5 g6 17.Qc3 Qb5 18.Rfe1 Qc5 19.Qd2 Rd7 20.Bh3 Rd8 21.Ne4 Qh5 22.Ng5 Bd7
23.Bf1 Bc6 24.h3 Bf3 25.Nxf3 Qxf3 26.Bg2 Qh5 27.Re5 f5 28.Rxe6  1-0

[Event "Oberliga Nord O9899"]
[Site "GER"]
[Date "1998.??.??"]
[Round "?"]
[White "Roth, Josef"]
[Black "Brameyer, Hermann"]
[Result "1/2-1/2"]
[WhiteElo "2195"]
[BlackElo "2250"]

1.e4 c5 2.Nf3 e6 3.d4 cxd4 4.Nxd4 Nc6 5.Nc3 Qc7 6.Be2 a6 7.O-O Nf6 8.Be3 Bb4
9.Na4 Be7 10.Nxc6 dxc6 11.Nb6 Rb8 12.Bd3 e5 13.Nxc8 Rxc8 14.a4 O-O 15.Qe2 Rcd8
16.Kh1 Nd7 17.f4 exf4 18.Bxf4 Bd6 19.g3 Rde8 20.Rad1 Be5 21.c3 b5 22.axb5 axb5
23.Bc2 Kh8 24.Qg4 Nf6 25.Qf5 c5 26.Bg5 Re6 27.Bxf6 Rxf6 28.Qg4 Rxf1+ 29.Rxf1 b4
30.Qf3 f6 31.Rd1 bxc3 32.bxc3 Rb8 33.Qd3 h6 34.c4 Kh7 35.Ba4 Qf7 36.Bd7 g6
37.Bc6 Bd4 38.Bd5 Qc7 39.Rb1 Bb2 40.Qf3 Qe5 41.Qf4 Rb4 42.Qxe5 Bxe5 43.Rxb4 cxb4
44.c5 h5 45.Kg2 Kh6 46.Kf3 h4 47.Kg4 hxg3 48.hxg3 Bd4 49.c6 Bb6 50.Kf3 Kg7
51.g4 Kf8 52.Ke2 Ke7 53.Kd3 Bc7 54.Kc4 Bd6 55.Kb5 Kd8 56.Kb6 f5 57.Be6 Ke7
58.Bd5 Kd8 59.Be6 Ke7 60.Bd5 Kd8  1/2-1/2

[Event "BL2-S9798"]
[Site "Germany"]
[Date "1998.??.??"]
[Round "?.1"]
[White "Zeller, Frank"]
[Black "Beikert, Guenther"]
[Result "1/2-1/2"]
[WhiteElo "2440"]
[BlackElo "2475"]

1.e4 c5 2.Nf3 e6 3.d4 cxd4 4.Nxd4 Nc6 5.Nc3 Qc7 6.g3 a6 7.Bg2 d6 8.O-O Bd7
9.Re1 Be7 10.Nxc6 Bxc6 11.Qg4 h5 12.Qe2 Nf6 13.h3 b5 14.Bg5 b4 15.Bxf6 gxf6
16.Nd1 Qb7  1/2-1/2

[Event "BL2-S9798"]
[Site "Germany"]
[Date "1998.??.??"]
[Round "?.2"]
[White "Werner, Marc"]
[Black "Kabatianski, Alexandr"]
[Result "1/2-1/2"]
[WhiteElo "2365"]
[BlackElo "2445"]

1.e4 c5 2.Nf3 e6 3.d4 cxd4 4.Nxd4 Nc6 5.Nc3 Qc7 6.Be3 a6 7.Bd3 b5 8.O-O Bb7
9.Nxc6 Qxc6 10.a3 Nf6 11.Bd4 Bc5 12.Bxc5 Qxc5 13.Kh1 h5 14.Qe1 Rc8 15.f3 d6
16.Rd1 h4 17.Qf2 Ke7 18.Qxc5 Rxc5 19.Rf2 g5 20.Kg1 g4 21.Re2 gxf3 22.gxf3 Nh5
23.Kf2 Nf4 24.Red2 Rh6 25.Bf1 e5 26.a4 b4 27.Na2 a5  1/2-1/2

[Event "BL2-S9798"]
[Site "Germany"]
[Date "1998.??.??"]
[Round "?.2"]
[White "Werner, Marc"]
[Black "Speckner, Roland"]
[Result "1/2-1/2"]
[WhiteElo "2365"]
[BlackElo "2335"]

1.e4 c5 2.Nf3 Nc6 3.Nc3 e6 4.d4 cxd4 5.Nxd4 Nf6 6.Ndb5 d6 7.Bf4 e5 8.Bg5 a6
9.Na3 b5 10.Bxf6 gxf6 11.Nd5 f5 12.g3 fxe4 13.Bg2 Bg7 14.Bxe4 Be6 15.Qh5 Rc8
16.O-O Ne7 17.Rad1 Nxd5 18.Bxd5 O-O 19.c3 Qd7 20.Rd2 Rc5 21.Qd1 Bg4 22.Bf3 Bxf3
23.Qxf3 Qe6 24.Rfd1 Rd8 25.Rd5 Rxd5 26.Qxd5 Qxd5 27.Rxd5 Kf8 28.f4 Ke7 29.Nc2 Ke6
30.Ne3 f5 31.Kf2 h5 32.fxe5 Bxe5 33.Rd3 Rc8 34.a3 a5 35.Nc2  1/2-1/2

[Event "Bundesliga 9798"]
[Site "Germany"]
[Date "1998.??.??"]
[Round "?.8"]
[White "Voekler, Bernd"]
[Black "Gustafsson, Jan"]
[Result "0-1"]
[WhiteElo "2395"]
[BlackElo "2375"]

1.e4 c5 2.Nf3 e6 3.d4 cxd4 4.Nxd4 Nc6 5.Nc3 Qc7 6.g3 a6 7.Bg2 Nf6 8.O-O Bc5
9.Nb3 Ba7 10.Qe2 d6 11.Kh1 h5 12.Bg5 Ne5 13.Nd1 Bd7 14.a4 Rc8 15.c3 Qc4 16.Nc1 b5
17.Re1 bxa4 18.Be3 Qxe2 19.Rxe2 Bxe3 20.Nxe3 Bb5 21.Rd2 Ke7 22.Kg1 Nfg4 23.Nd1 Nc4
24.Rc2 h4 25.Ne2 hxg3 26.hxg3 e5 27.Nc1 Nf6 28.f3 d5 29.Nd3 dxe4 30.fxe4 a5
31.N3f2 Rhd8 32.Bf1 Kf8 33.Be2 Be8 34.Bxc4 Rxc4 35.Ne3 Rc7 36.Kf1 Bc6 37.Ke1 Nxe4
38.Nxe4 Bxe4 39.Rh2 Rd3 40.Nf1 Bc6 41.Rh8+ Ke7 42.Rb8 f5 43.Rb6 f4 44.gxf4 exf4
45.Rxc6 Rxc6 46.Rxa4 g5 47.Rxa5 g4  0-1